Analysis of linear systems (Record no. 4150)

000 -LEADER
fixed length control field 00506nam a22001931 4500
001 - CONTROL NUMBER
control field 4150
003 - CONTROL NUMBER IDENTIFIER
control field BD-DhUET
008 - FIXED-LENGTH DATA ELEMENTS--GENERAL INFORMATION
fixed length control field 790416s1959 maua 000 0 eng
040 ## - CATALOGING SOURCE
Original cataloging agency DLC
Transcribing agency DLC
Modifying agency BD-DhUET
082 ## - DEWEY DECIMAL CLASSIFICATION NUMBER
Classification number 629.83
Item number CHE/1959
100 1# - MAIN ENTRY--PERSONAL NAME
Personal name Cheng, David K.
245 00 - TITLE STATEMENT
Title Analysis of linear systems
250 ## - EDITION STATEMENT
Edition statement 1st ed.
260 ## - PUBLICATION, DISTRIBUTION, ETC. (IMPRINT)
Place of publication, distribution, etc. London
Name of publisher, distributor, etc. Addison-Wesley Publishing
Date of publication, distribution, etc. 1959
300 ## - PHYSICAL DESCRIPTION
Extent 431 p.
490 0# - SERIES STATEMENT
Series statement Addison-Wesley series in electrical engineering
650 #0 - SUBJECT ADDED ENTRY--TOPICAL TERM
Topical term or geographic name as entry element Linear Systems
942 ## - ADDED ENTRY ELEMENTS (KOHA)
Koha item type General Book
Holdings
Lost status Piece designation (barcode) Koha full call number Location (home branch) Copy number Koha date last seen Source of classification or shelving scheme Damaged status Price effective from Koha item type Koha normalized classification for sorting Not for loan Shelving location Sublocation or collection (holding branch) Withdrawn status Date acquired
 78368629.83/CHE/1959Central Library, BUET12014-11-13  2014-11-13General Book629_000000000000000_83CHE1959 Circulation sectionCentral Library, BUET 2014-11-13
 78370629.83/CHE/1959Central Library, BUET22014-11-13  2014-11-13General Book629_000000000000000_83CHE1959 Circulation sectionCentral Library, BUET 2014-11-13
 78369629.83/CHE/1959Central Library, BUET32014-11-13  2014-11-13General Book629_000000000000000_83CHE1959 Circulation sectionCentral Library, BUET 2014-11-13
 8330629.83/CHE/1959Central Library, BUET42014-11-17  2014-11-17General Book629_000000000000000_83CHE1959 Circulation sectionCentral Library, BUET 2014-11-17
 24901629.83/CHE/1959Central Library, BUET52014-11-17  2014-11-17General Book629_000000000000000_83CHE1959 Circulation sectionCentral Library, BUET 2014-11-17
 12682629.83/CHE/1959Central Library, BUET62017-08-28  2014-11-18General Book629_000000000000000_83CHE1959 Circulation sectionCentral Library, BUET 2014-11-18
 24899629.83/CHE/1959Central Library, BUET72015-06-20  2015-06-20Reading Item629_830000000000000_CHE_1959 Reading sectionCentral Library, BUET 2015-06-20
 12690629.83/CHE/1959Central Library, BUET82019-09-07  2015-06-30Reading Item629_830000000000000_CHE_1959 Reading sectionCentral Library, BUET 2015-06-30
 8327629.83/CHE/1959Central Library, BUET92015-06-30  2015-06-30Reading Item629_830000000000000_CHE_1959 Reading sectionCentral Library, BUET 2015-06-30
 8331629.83/CHE/1959Central Library, BUET102015-06-30  2015-06-30Reading Item629_830000000000000_CHE_1959 Reading sectionCentral Library, BUET 2015-06-30
 8328629.83/CHE/1959Central Library, BUET112015-07-04  2015-07-04Reading Item629_830000000000000_CHE_1959 Reading sectionCentral Library, BUET 2015-07-04
 32058629.83/CHE/1959Central Library, BUET122018-05-12  2018-05-12General Book629_830000000000000_CHE_1959 Circulation sectionCentral Library, BUET 1973-10-04